000 00538nam a2200193Ia 4500
003 GCL
008 140319s9999 xx 000 0 eng d
020 _a977424723X
040 _aGCL /
_cGCL
082 0 4 _aCC
_b932
_bV A
100 1 _aVERNER, MIROSLAV
245 1 0 _aABUSIR :
_bREALM OF OSIRIS /
_cVERNER, MIROSLAV
260 _aالقاهرة :
_bTHE AMERICAN UNIVERSITY IN CAIRO PRESS ،
_c2002
300 _a32 CM ؛
_c248 P
650 0 4 _aANCIENT EGYPT
650 0 4 _aEGYPTOLOGY
650 0 4 _aEGYPT - CIVILIZATION
942 _2ddc
_cBK
999 _c3197
_d3197